000 00882cam a2200253 4500
008 010914n2001 000 0 eng u
020 _a1860814697
035 _a(Sirsi) u114584
041 _aeng.
050 _a615.925756
110 _aBuilding Research Establishment
245 _aRadon : guidance on protective measures for new dwellings in Northern Ireland
260 _aGarston, Watford
_bBRE
_c2001
300 _aiii, 23p.
_bill.
_c30cm.
350 _a24
490 _aBR
_v413
520 _aOffers guidance on preventative measures that can be taken in new dwellings and extensions to existing buildings. Also includes maps that detail designated radon-affected areas in Northern Ireland.
650 _aRADON PROTECTION MEASURES
650 _aHOUSES
650 _aRADON RISK AREAS
650 _aNORTHERN IRELAND
690 _aBUILT ENVIRONMENT
942 _n0
999 _c101630
_d101630